25. let dramatického souboru Jana Nerudy 1948-1973 /
Původní EP album 0 89 9851 "25. let dramatického souboru Jana Nerudy 1948-1973" bylo původně vydáno jako příloha publikace pro Školu Jana Nerudy - nyní vychází jako samostatný titul digitálně poprvé.
Uloženo v:
| Hlavní autor: | |
|---|---|
| Další autoři: | |
| Médium: | E-audiokniha |
| Vydáno: |
Praha :
Supraphon a.s.,
2026
|
| Tagy: |
Žádné tagy |
| LEADER | 01271nim a22002537i 4500 | ||
|---|---|---|---|
| 001 | 302370 | ||
| 007 | sr nunnnnnnned | ||
| 024 | |a 859692521702 | ||
| 044 | |a xr | ||
| 100 | 1 | |a Novotný, Ladislav |4 aut | |
| 245 | 1 | 0 | |a 25. let dramatického souboru Jana Nerudy 1948-1973 / |c Novotný, Ladislav |
| 264 | 1 | |a Praha : |b Supraphon a.s., |c 2026 | |
| 300 | |a 1 online zdroj (16 min., 30 sek.) | ||
| 336 | |a mluvené slovo |b spw |2 rdacontent | ||
| 337 | |a audio |b s |2 rdamedia | ||
| 338 | |a online zdroj |b cr |2 rdacarrier | ||
| 505 | 0 | 0 | |t Přineste květy z malostranských zahrad (8 min., 18 sek.) |
| 505 | 0 | 0 | |t Poprask na laguně (ukázky z inscenace) (8 min., 13 sek.) |
| 520 | 2 | |a Původní EP album 0 89 9851 "25. let dramatického souboru Jana Nerudy 1948-1973" bylo původně vydáno jako příloha publikace pro Školu Jana Nerudy - nyní vychází jako samostatný titul digitálně poprvé. | |
| 700 | 1 | |a Steinmasslová, Miloslava |4 nrt | |
| 910 | |a RBIT002 | ||
| 998 | |d 426749 |a https://core.palmknihy.cz/api/books/426749/cover?telfsu |b https://core.palmknihy.cz/api/books/426749/cover/400?telfsu |c https://core.palmknihy.cz/api/books/426749/cover/50?telfsu |e 2026-10-17 |i 859692521702 |l 990 |q 49 |r 1 |s https://www.palmknihy.cz/kniha/426749 |t audiobook |y 2026 |z 1 | ||
| 999 | |d 302368 | ||